000 01752nam a2200553 i 4500
001 4864
003 KOSZ 005
005 20200527085326.0
008 040519s1976 pl a |000 0 pol
015 _aUWD 1976/5939
035 _a991023541829705066
035 _a(PL-WaBN)b1645067x-48omnis_nlop
035 _ab1645067x
035 _a(OCoLC)749412712
035 _a(PL)b0000001645067
035 _a(EXLNZ-48OMNIS_NETWORK)9910131722905606
040 _aWA N
_cWA N
_dKOSZ 005/AR
041 0 _apol
044 _apl
046 _k1976
080 _a666.9
080 _a678
080 _a678.7
080 _a691
100 1 _aHop, Tadeusz
_d(1920-2007)
_eAutor
245 1 0 _aBetony modyfikowane polimerami /
_cTadeusz Hop.
260 _aWarszawa :
_b"Arkady",
_c1976.
300 _a342, [1] strona :
_bilustracje, errata ;
_c21 cm.
336 _aTekst
_btxt
_2rdacontent
337 _aBez urządzenia pośredniczącego
_bn
_2rdamedia
338 _aWolumin
_bnc
_2rdacarrier
380 _aKsiążki
388 _a1901-2000
388 _a1945-1989
504 _aBibliografia na stronach 336-[343].
521 _aDla inżynierów i techników przemysłu materiałów budowlanych i budownictwa.
650 7 _aBeton
_2DBN
650 7 _aBeton polimerowy
_2DBN
650 7 _aPolimery
_2DBN
650 7 _aBudownictwo
650 7 _aMateriały budowlane
650 7 _aMateriały wiążące
658 _aArchitektura i budownictwo
658 _aInżynieria i technika
710 2 _4pbl
_aWydawnictwo Arkady
856 _uhttp://koha.tu.koszalin.pl/cgi-bin/koha/opac-detail.pl?biblionumber=4864
_yKatalog online BPK
942 _2UKD
_cKS
999 _c4864
_d4864